000 00872nas a2200301 4500
001 BR9800515
003 BR-BrBNA
005 20231205100717.0
007 ta
008 230509b bl.|||p| |||| 00| 00por d
040 _aBR-BrBNA
_bpor
_cBiblioteca Nacional de Agricultura
041 _a(Pt)
072 _aL73; L70
100 1 _aFigueiredo, H.C.P.
100 1 _aVieira, T.R.
100 1 _aLage, A.P.
100 1 _aLeite, R.C.
245 1 _aPrevalencia de anticorpos contra o virus da diarreia bovina a virus (VDBV)em Minas Gerais
650 _aBovino
650 _aAnticorpo
650 _aVirus
650 _aDiarreia
650 _aSoro
650 _aMinas Gerais
773 0 _tRevista Brasileira de Reproducao Animal (Brazil)
_xISSN 0102-0803
_g(1997), v. 21(4) p. 11-15
_wBR9800515
909 _a202311
_bLúcia
_c55
_dLúcia Elande
942 _2AGRIS
_n0
_cANA
999 _c157603
_d157603